| 000 | 00965pam a2200265 a 4500 | ||
|---|---|---|---|
| 001 | 1596267 | ||
| 003 | Ke-BoTe | ||
| 005 | 20220124160036.0 | ||
| 008 | 940311s1994 coua b 000 0 eng | ||
| 010 | _a 94014104 | ||
| 020 | _a1561792535 | ||
| 040 |
_aDLC _cDLC _dDLC |
||
| 050 | 0 | 0 |
_aLB1060 _b.T63 1994 |
| 082 | 0 | 0 |
_a370.15/23 _220 |
| 100 | 1 |
_aTobias, Cynthia Ulrich, _d1953- _92289 |
|
| 245 | 1 | 4 |
_aThe way they learn / _cCynthia Ulrich Tobias. |
| 260 |
_aColorado Springs, CO : _bFocus on the Family Pub. ; _aDallas, Tex. : _bDistributed in the U.S.A. and Canada by Word Books, _cc1994. |
||
| 300 |
_a168 p. : _bill. ; _c25 cm. |
||
| 504 | _aIncludes bibliographical references (p. 164-167). | ||
| 650 | 0 |
_aLearning. _92290 |
|
| 650 | 0 |
_aCognitive styles in children. _92291 |
|
| 906 |
_a7 _bcbc _corignew _d1 _eocip _f19 _gy-gencatlg |
||
| 942 |
_2lcc _cBK _n0 |
||
| 999 |
_c1201 _d1201 |
||